A successful individualized writing lab module (Record no. 77533)

MARC details
000 -CABECERA
campo de control de longitud fija 00626nam a2200217 a 4500
005 - FECHA Y HORA DE LA ÚLTIMA TRANSACCIÓN
campo de control 20210219153448.0
008 - ELEMENTOS DE LONGITUD FIJA--INFORMACIÓN GENERAL
campo de control de longitud fija 991125n 000 0 u
035 ## - NÚMERO DE CONTROL DEL SISTEMA
Número de control de sistema UPN01000101285
100 ## - ASIENTO PRINCIPAL--NOMBRE PERSONAL
Nombre de persona Douglas, Michael A.
222 #0 - TÍTULO CLAVE
Título clave JOURNAL OF DEVELOPMENTAL EDUCATION
245 #0 - MENCIÓN DE TÍTULO
Título A successful individualized writing lab module
300 ## - DESCRIPCIÓN FÍSICA
Extensión 24-26, 41
362 ## - FECHAS DE PUBLICACIÓN Y/O DESIGNACIÓN SECUENCIAL
Fecha de publicación y/o designación secuencial 16, No. 3, 1993
505 ## - NOTA DE CONTENIDO CON FORMATO PREESTABLECIDO
Nota de contenido con formato Junio 1993
653 0# - TERMINO DE INDIZACION - NO CONTROLADO
Término no controlado DISEÑO ASISTIDO POR ORDENADOR
653 0# - TERMINO DE INDIZACION - NO CONTROLADO
Término no controlado ESCRITURA BASICA
653 0# - TERMINO DE INDIZACION - NO CONTROLADO
Término no controlado PROGRAMAS DE ESTUDIO EN DESARROLLO
653 0# - TERMINO DE INDIZACION - NO CONTROLADO
Término no controlado PRUEBAS DE ENSE\197ANZA
904 ## - ELEMENTOS DE DATOS D LOCAL, LDD (RLIN)
a AC
b 039096
905 ## - TIPO DE MATERIAL
Tipo de material Articulo

No items available.